000 00428nam a22001337a 4500
008 200319b ||||| |||| 00| 0 eng d
020 _a9788171694839
100 _aSINGH, S. K.
245 _aISO 9000 and Total Quality Management
250 _a1st/e, Reprint 2018
260 _aNew Delhi
_bArjun Publishing Hounse
650 _aPharmaceutics- Drug Delivery Systems,Pharmaceutical Engineering regulraty Science
942 _2ddc
_cBK
999 _c8589
_d8589